000 00640nab a2200193 4500
001 244442
003 OSt
005 20241125134330.0
007 tu
008 200917s2020|||||||
040 _aDE-2950
_cDE-2950
245 0 0 _aOderinsel wird umgestaltet
_bStadtbild. Der Ziegenwerder soll bis 2028 ein neues Antlitz bekommen. Jetzt wurde der Planungsauftragt vergeben. Was die Ziele der Sanierung sind/
_cThomas Gutke
264 _c2024
653 _aFrankfurt (Oder)
653 _aZiegenwerder
653 _aNeugestaltung
773 0 _g35. Jahrgang (2024) Nr. 272 vom 21.11.2024, S. 13 mit Foto
_tMärkische Oderzeitung
942 _2z
_cA
999 _c373482
_d373482